00888nam a2200241 a 450000500170000000800410001704000250005804100080008304400070009109000140009811100810011224500700019326000730026330000100033665000240034665000170037065000390038765000310042666200130045794200150047099900150048595201460050020151217093203.0140224b1992 ck ||||| |||| 00| 0 spa d aCO-BoIAVHcCO-BoIAVH aspa ack aLBb00998 aReunión de la Asociación Colombiana de HerbarioscCartagenad1992944788 aCurso taller sistemática y taxonomía de Rubiaceas colombianas aCartagenabFundación Jardín Botánico Guillermo Piñerezc1992 a50 p. aSistemática93510 aTaxon910119 aDescripciones taxonómicas944789 aClaves taxonómicas93514 aColombia cINFORME2z c1009d1009 00102z40708GENERALIINV2017aBogotabBogotad1999-01-20l0oLB-00998p001392r2012-12-04 00:00:00tEj. 1w2012-12-04xDonaciónyINFORME